Oldest Countries In The World - Statistics

General Stats
  • This quiz has been taken 67 times
  • The average score is 8 of 10
Answer Stats
Country % Correct
China
98%
Japan
95%
Egypt
93%
Iran
84%
France
82%
India
82%
Greece
75%
Ethiopia
62%
Portugal
56%
San Marino
49%
No matching quizzes found
Score Distribution
Percent of People with Each Score
Percentile by Number Answered
Your Score History
You have not taken this quiz